000 00862nam a2200301 i 4500
003 EG-GICUC
005 20260426111754.0
008 260426s1985 enk||||fr|||| 00| 0 eng d
040 _aEG-GiCUC
_beng
_cEG-GiCUC
_dEG-GiCUC
_erda
041 _aeng
082 0 4 _221
_a343.6
_bIR.L
092 0 4 _221
099 _aLaw1 10 343.6 IR.L 1985
100 1 _aIrving , H. B.
_eAuthor.
245 _aLast Studies in Criminology /
_c H. B. Irving .
264 _aLondon :
_bW.Collins Sons ,
_c1985 .
300 _a281 pages ,
_c24 cm
336 _2rda content
_atext
337 _2rda media
_aComputer
338 _2rda carrier
_aOnline Resource
546 _aText in English
650 1 _aDroit pénal
650 1 _aCriminologie
651 1 _2qrmak
856 4 0 _uhttps://fll.law.cu.edu.eg/fulltext/bks/B10-10976.pdf
905 _a60
942 _2ddc
_cBK
_e21
_n0
999 _c73449
_d73449